| 000 | 00337 a2200097 4500 | ||
|---|---|---|---|
| 082 | _a333.91 PUN | ||
| 100 | _aPunmia, Dr. B. C. | ||
| 245 |
_aIrrigation and Water Power Engineering _cDr. B. C. Punmia |
||
| 260 |
_aDelhi : _bN. C. Jain (Prop) Standard Publishers Distributors, _c1982 |
||
| 300 |
_axi, 868p. : _bill ., graphs., ; _c22 cm |
||
| 650 | _aIrrigation Engineering | ||
| 999 |
_c304 _d304 |
||